[Event "Roskilde 100 aars Jubilaeum 2008"]
[Site "Roskilde"]
[Date "2008.10.14"]
[Round "5"]
[White "Christensen, Svend Ellegaard"]
[Black "Marshall, Michael"]
[Result "1-0"]
[WhiteElo "2172"]
[BlackElo "1765"]
[PlyCount "77"]
[EventDate "2008.??.??"]


1. d4 Nf6 2. Nc3 d5 3. e4 dxe4 4. f3 exf3 5. Nxf3 Bg4 6. h3 Bh5 7. g4 Bg6 8.
Ne5 e6 9. Bg2 c6 10. h4 Nbd7 11. Qe2 Nxe5 12. dxe5 Nxg4 13. Qxg4 Bxc2 14. Be3
Qa5 15. Qf4 O-O-O 16. O-O Bc5 17. Rf2 Bf5 18. Rc1 Bxe3 19. Qxe3 Kb8 20. Re1 Qb4
21. Ne4 Bxe4 22. Bxe4 Rhf8 23. h5 g6 24. h6 Rd4 25. Bg2 Rdd8 26. Ref1 Qe7 27.
Rf6 Rd7 28. a3 Qd8 29. R1f2 Rd1+ 30. Kh2 Rd3 31. Qc5 Rd4 32. Kg3 Re8 33. b4 a6
34. a4 Rd3+ 35. Bf3 Rf8 36. b5 axb5 37. axb5 cxb5 38. Ra2 b6 39. Ra8# 1-0

[Event "Roskilde 100 aars Jubilaeum 2008"]
[Site "Roskilde"]
[Date "2008.10.14"]
[Round "5"]
[White "Schmidt, Horst Hubert"]
[Black "Seirup, Simon"]
[Result "1-0"]
[WhiteElo "1778"]
[BlackElo "1226"]
[PlyCount "99"]
[EventDate "2008.??.??"]


1. e4 e6 2. d4 d5 3. e5 c5 4. c3 Nc6 5. Be3 Qb6 6. Qd2 Bd7 7. Ne2 cxd4 8. cxd4
Nge7 9. Ng3 Ng6 10. h4 h6 11. h5 Nge7 12. Nc3 a6 13. Rc1 Nc8 14. Be2 N8a7 15.
a3 Be7 16. b4 Rc8 17. O-O Nb8 18. Bd3 Nb5 19. Na4 Qd8 20. Rxc8 Qxc8 21. Rc1 Qd8
22. Bxb5 Bxb5 23. Nc5 Qb6 24. Ne2 Nd7 25. Nc3 Bc6 26. Nb3 Nb8 27. Na5 Bd7 28.
Qc2 O-O 29. Qd2 Rc8 30. f4 Be8 31. g4 Nc6 32. Nb3 Qd8 33. Kh2 Nb8 34. Nc5 Rc7
35. f5 Bf8 36. Kh3 exf5 37. gxf5 Kh7 38. Bf4 Re7 39. Rg1 Qc8 40. Qe3 Bc6 41.
Kh2 f6 42. Ne6 Nd7 43. Qg3 Qe8 44. Qg4 Kh8 45. Nc7 Qc8 46. N7xd5 Bxd5 47. Nxd5
Qc2+ 48. Rg2 Qd3 49. Nxe7 Bxe7 50. Qxg7# 1-0

[Event "Roskilde 100 aars Jubilaeum 2008"]
[Site "Roskilde"]
[Date "2008.10.14"]
[Round "5"]
[White "Schandorff, Lars"]
[Black "Pedersen, Nicolai Vesterbaek"]
[Result "0-1"]
[WhiteElo "2520"]
[BlackElo "2431"]
[PlyCount "66"]
[EventDate "2008.??.??"]


1. d4 Nf6 2. c4 e6 3. Nc3 Bb4 4. Qc2 d5 5. cxd5 Qxd5 6. Nf3 Qf5 7. Qxf5 exf5 8.
a3 Be7 9. Bf4 c6 10. e3 Nbd7 11. Bd3 Nb6 12. O-O a5 13. Bg5 a4 14. Nd2 Be6 15.
Rfc1 O-O 16. Ne2 Nbd5 17. Nc4 Rfd8 18. Nc3 c5 19. Nb5 h6 20. Bxf6 Bxf6 21. dxc5
Nxe3 22. Ncd6 Ng4 23. Rc2 Bb3 24. Rd2 Ra5 25. Re1 Ne5 26. Bf1 Rd7 27. f4 Nc6
28. g3 Be6 29. Bg2 Rxb5 30. Rc2 Rxb2 31. Rxb2 Bxb2 32. Rb1 Bd4+ 33. Kh1 Bxc5
0-1

[Event "Roskilde 100 aars Jubilaeum 2008"]
[Site "Roskilde"]
[Date "2008.10.14"]
[Round "5"]
[White "Hoi, Carsten"]
[Black "Hestehauge, Klaus"]
[Result "1-0"]
[WhiteElo "2382"]
[BlackElo "1889"]
[PlyCount "70"]
[EventDate "2008.??.??"]


1. d4 Nf6 2. c4 e5 3. dxe5 Ne4 4. Nf3 Nc6 5. Nbd2 Bb4 6. a3 Bxd2+ 7. Nxd2 Nxd2
8. Bxd2 Nxe5 9. Bc3 f6 10. e3 O-O 11. Qd5+ Kh8 12. O-O-O Qe8 13. Be2 d6 14. c5
dxc5 15. Qxc5 Bf5 16. f3 b6 17. Qd4 c5 18. Qf4 Bg6 19. e4 Bf7 20. Qe3 Rc8 21.
Rd6 b5 22. Rhd1 b4 23. Bxe5 Qxe5 24. g3 bxa3 25. Qxa3 c4 26. Qc3 Qb5 27. Kb1
Qb3 28. Rd7 Qxc3 29. bxc3 Be8 30. Rxa7 Rb8+ 31. Kc2 Rf7 32. Rda1 Rxa7 33. Rxa7
Bb5 34. Kd2 h6 35. Ke3 Kh7 1-0

[Event "Roskilde 100 aars Jubilaeum 2008"]
[Site "Roskilde"]
[Date "2008.10.14"]
[Round "5"]
[White "Jorgensen, Alexander Torp"]
[Black "Meldal, Peter"]
[Result "1-0"]
[WhiteElo "1002"]
[BlackElo "1236"]
[PlyCount "154"]
[EventDate "2008.??.??"]


1. e4 e6 2. Bc4 d5 3. exd5 exd5 4. Bd3 Nf6 5. Nf3 Bc5 6. O-O O-O 7. b3 Bg4 8.
Bb2 Nc6 9. h3 Be6 10. Ng5 Bd7 11. Bxf6 Qxf6 12. Qh5 h6 13. Nh7 Qxa1 14. Nxf8
Rxf8 15. Nc3 Qb2 16. Qxd5 Bd6 17. Qe4 g6 18. Qa4 Qa3 19. Qh4 Kh7 20. Ne4 Be7
21. Qf4 Qa5 22. Nf6+ Bxf6 23. Qxf6 Ne5 24. Qe7 Re8 25. Qf6 Qb6 26. Bxg6+ fxg6
27. Qf4 Qe6 28. Kh2 Qf5 29. Qe3 g5 30. Qc3 g4 31. hxg4 Nxg4+ 32. Kg1 Bc6 33.
Qg3 Re7 34. f3 Qc5+ 35. Kh1 Nf6 36. Kh2 Qd6 37. c4 Qxg3+ 38. Kxg3 a6 39. d4 Re2
40. Ra1 Bd7 41. f4 c6 42. a4 Rb2 43. Ra3 Bf5 44. a5 Be4 45. Ra4 Bxg2 46. Rb4
Ne4+ 47. Kg4 Nd6 48. c5 Nb5 49. f5 Kg7 50. Kf4 Kf6 51. Kg4 Be4 52. Kh5 Rh2+ 53.
Kg4 Bxf5+ 54. Kg3 Rd2 55. Kh4 Rxd4+ 56. Rxd4 Nxd4 57. b4 Kg6 58. Kg3 h5 59. Kh4
Nf3+ 60. Kg3 Bg4 61. Kf4 Kf6 62. Kg3 Ke5 63. Kg2 Kd4 64. Kg3 Kc4 65. Kg2 Kxb4
66. Kg3 Kxc5 67. Kg2 Kd4 68. Kg3 c5 69. Kg2 Kd3 70. Kg3 c4 71. Kg2 c3 72. Kg3
c2 73. Kg2 c1=Q 74. Kg3 Qe1+ 75. Kf4 Qe4+ 76. Kg3 h4+ 77. Kg2 Qe2+ 1-0

[Event "Roskilde 100 aars Jubilaeum 2008"]
[Site "Roskilde"]
[Date "2008.10.14"]
[Round "5"]
[White "Christensen, Simon Ellegaard"]
[Black "Brekka, Hanus"]
[Result "0-1"]
[WhiteElo "1720"]
[BlackElo "2019"]
[PlyCount "124"]
[EventDate "2008.??.??"]


1. d4 d5 2. Nf3 c6 3. Bf4 Nf6 4. e3 Qb6 5. b3 Ne4 6. c3 Bg4 7. Qc2 e6 8. Ne5
Bf5 9. Bd3 f6 10. Nf3 Nd7 11. Nh4 g5 12. Nxf5 exf5 13. Bg3 O-O-O 14. Bxe4 fxe4
15. Nd2 Re8 16. c4 dxc4 17. Qxc4 Bb4 18. O-O-O Qa5 19. Nb1 Nb6 20. Qc2 Nd5 21.
h4 g4 22. Qb2 Nc3 23. Rdf1 Nxa2+ 24. Kc2 Be7 25. Nc3 Qxc3+ 26. Qxc3 Nxc3 27.
Kxc3 a5 28. Kd2 h5 29. f3 f5 30. fxe4 fxe4 31. Rf5 Ref8 32. Rhf1 Kd7 33. Ke2 b5
34. Be5 Ke6 35. R5f4 Rxf4 36. Rxf4 Ra8 37. Rxe4 a4 38. bxa4 bxa4 39. Bg3+ Kd7
40. d5 cxd5 41. Re5 a3 42. Rxd5+ Ke6 43. Rxh5 Bf6 44. Rc5 a2 45. Rc1 a1=Q 46.
Rxa1 Rxa1 47. Kf2 Ra2+ 48. Kg1 Kf5 49. Kh2 Ra3 50. Bf2 Be5+ 51. g3 Ke4 52. Kg2
Ra1 53. Bg1 Bxg3 54. Kxg3 Rxg1+ 55. Kf2 Ra1 56. Kg3 Kxe3 57. Kxg4 Ke4 58. Kg5
Ke5 59. Kg6 Rg1+ 60. Kh6 Kf6 61. Kh5 Rg8 62. Kh6 Rh8# 0-1

[Event "Roskilde 100 aars Jubilaeum 2008"]
[Site "Roskilde"]
[Date "2008.10.14"]
[Round "5"]
[White "Jensen, Jan Kargaard"]
[Black "Lavrsen, Frands Winther"]
[Result "0-1"]
[WhiteElo "1624"]
[BlackElo "1762"]
[PlyCount "134"]
[EventDate "2008.??.??"]


1. d4 Nf6 2. Bf4 g6 3. Nf3 Bg7 4. Nbd2 O-O 5. e3 d6 6. c3 Nbd7 7. Bc4 a6 8. h3
b5 9. Bb3 c5 10. Bc2 b4 11. cxb4 cxb4 12. a3 Rb8 13. axb4 Nd5 14. O-O Nxf4 15.
exf4 Rxb4 16. Nb3 Bb7 17. Re1 e6 18. Na5 Bd5 19. b3 Qa8 20. Nc4 Bxf3 21. gxf3
Qc6 22. Qd3 Ra8 23. Ra5 Nb6 24. Nxb6 Qxb6 25. Rea1 Bxd4 26. Rxa6 Bxf2+ 27. Kf1
Rxa6 28. Rxa6 Qe3 29. Qxe3 Bxe3 30. Rxd6 Bxf4 31. Rc6 e5 32. Ke2 Rd4 33. Bd3
Kg7 34. Rc4 Rd6 35. Rc3 Rd7 36. b4 Kf6 37. b5 Kg5 38. b6 Rb7 39. Rb3 f5 40. Kf2
Kh4 41. Ba6 Rb8 42. b7 Kxh3 43. Rc3 Kh4 44. Rc8 e4 45. fxe4 fxe4 46. Kg2 Kg4
47. Be2+ Kf5 48. Ba6 g5 49. Rc5+ Be5 50. Rc1 h5 51. Rf1+ Bf4 52. Rd1 g4 53.
Rd5+ Be5 54. Rd7 h4 55. Rf7+ Ke6 56. Rh7 h3+ 57. Kh1 h2 58. Be2 g3 59. Bg4+ Kd5
60. Bc8 Kd4 61. Kg2 Ke3 62. Rf7 Kd3 63. Rd7+ Bd4 64. Rh7 e3 65. Bf5+ Kd2 66.
Rc7 e2 67. Rc2+ Ke3 0-1

[Event "Roskilde 100 aars Jubilaeum 2008"]
[Site "Roskilde"]
[Date "2008.10.14"]
[Round "5"]
[White "Eriksson, Christian Altenburg"]
[Black "Lauridsen, Jesper Morch"]
[Result "0-1"]
[WhiteElo "1997"]
[BlackElo "2279"]
[PlyCount "110"]
[EventDate "2008.??.??"]


1. e4 c5 2. Nf3 d6 3. Bb5+ Bd7 4. Bxd7+ Qxd7 5. c4 g6 6. d4 cxd4 7. Nxd4 Bg7 8.
Nc3 Nc6 9. Nde2 Nf6 10. f3 O-O 11. O-O Rfc8 12. Bg5 Qd8 13. Kh1 a6 14. a4 Nd7
15. Rb1 Rab8 16. b3 Nc5 17. Bh4 Ne6 18. Qe1 Ned4 19. Nxd4 Nxd4 20. Nd5 Nc6 21.
Qe2 f6 22. Bf2 b6 23. Rfd1 Ne5 24. c5 bxc5 25. Qxa6 Nc6 26. Qc4 Kh8 27. f4 Qd7
28. h3 Qb7 29. Qe2 e5 30. f5 gxf5 31. exf5 Nd4 32. Qc4 Nxf5 33. Rd3 Nd4 34. Rg3
Qf7 35. Ne3 Qxc4 36. Nxc4 Bf8 37. a5 Rc7 38. Nb6 Ra7 39. Bxd4 exd4 40. Rf1 Bg7
41. Nc4 Rd8 42. Re1 d5 43. Nb6 Kg8 44. Re6 Kf7 45. Rc6 Bf8 46. Rf3 Be7 47. Nc8
Rxa5 48. Rc7 Rxc8 49. Rxc8 Ra1+ 50. Kh2 Bd6+ 51. g3 Rc1 52. Kg2 c4 53. Kf2 d3
54. Ke3 Re1+ 55. Kf2 d2 0-1

[Event "Roskilde 100 aars Jubilaeum 2008"]
[Site "Roskilde"]
[Date "2008.10.15"]
[Round "6"]
[White "Pedersen, Nicolai Vesterbaek"]
[Black "Bromann, Thorbjrn"]
[Result "1/2-1/2"]
[WhiteElo "2431"]
[BlackElo "2416"]
[PlyCount "23"]
[EventDate "2008.??.??"]


1. d4 d5 2. c4 c6 3. Nf3 Nf6 4. Nc3 a6 5. c5 Nbd7 6. Bf4 Nh5 7. Bg5 h6 8. Bd2
Nhf6 9. Bf4 Nh5 10. Bd2 Nhf6 11. Bf4 Nh5 12. Bd2 1/2-1/2

[Event "Roskilde 100 aars Jubilaeum 2008"]
[Site "Roskilde"]
[Date "2008.10.15"]
[Round "6"]
[White "Kristensen, Steffen Michael"]
[Black "Jorgensen, Morten"]
[Result "0-1"]
[WhiteElo "1195"]
[BlackElo "1491"]
[PlyCount "38"]
[EventDate "2008.??.??"]


1. Nf3 d5 2. d4 Nf6 3. Bf4 e6 4. e3 c5 5. Bb5+ Bd7 6. Bxd7+ Nbxd7 7. O-O Qb6 8.
b3 cxd4 9. Qxd4 Bc5 10. Qd3 O-O 11. Nc3 Rac8 12. Na4 Qc6 13. Nxc5 Qxc5 14. Rac1
Qa5 15. a4 Rc3 16. Qd4 Rfc8 17. Ne1 Rxb3 18. cxb3 Rxc1 19. e4 Rxe1 0-1

[Event "Roskilde 100 aars Jubilaeum 2008"]
[Site "Roskilde"]
[Date "2008.10.15"]
[Round "6"]
[White "Hestehauge, Klaus"]
[Black "Hansen, Lars Henrik Bech"]
[Result "1/2-1/2"]
[WhiteElo "1889"]
[BlackElo "1988"]
[PlyCount "28"]
[EventDate "2008.??.??"]


1. d4 c5 2. c3 e6 3. Nf3 d5 4. Bf4 Nc6 5. e3 Nf6 6. Nbd2 cxd4 7. exd4 Bd6 8.
Bg3 Nh5 9. Qc2 Qc7 10. Bxd6 Qxd6 11. g3 Bd7 12. Be2 Nf6 13. O-O Rc8 14. a3 O-O
1/2-1/2

[Event "Roskilde 100 aars Jubilaeum 2008"]
[Site "Roskilde"]
[Date "2008.10.15"]
[Round "6"]
[White "Jorgensen, Alexander Torp"]
[Black "Larsen, Finn (1950)"]
[Result "0-1"]
[WhiteElo "1002"]
[BlackElo "1757"]
[PlyCount "46"]
[EventDate "2008.??.??"]


1. e4 e5 2. Nf3 Nf6 3. Bc4 d6 4. Ng5 d5 5. exd5 h6 6. Nf3 Bd6 7. d3 O-O 8. Qe2
Bg4 9. O-O Nbd7 10. h3 Bh5 11. Nc3 Re8 12. a3 Nc5 13. Ne4 Nfxe4 14. dxe4 f5 15.
Qe3 Nxe4 16. Bd3 Bc5 17. Qe1 Ng3 18. Be3 Bxe3 19. Qxe3 Nxf1 20. Rxf1 e4 21. Bb5
c6 22. dxc6 exf3 23. Qxe8+ Bxe8 0-1

[Event "Roskilde 100 aars Jubilaeum 2008"]
[Site "Roskilde"]
[Date "2008.10.15"]
[Round "6"]
[White "Christensen, Simon Ellegaard"]
[Black "Sorensen, Lindved"]
[Result "1-0"]
[WhiteElo "1720"]
[BlackElo "1592"]
[PlyCount "79"]
[EventDate "2008.??.??"]


1. d4 Nf6 2. Nf3 e6 3. Bf4 d5 4. e3 Bd6 5. Bg3 Ne4 6. Bd3 Nxg3 7. hxg3 f5 8.
Nbd2 Nd7 9. c3 c5 10. Nh4 Qg5 11. g4 O-O 12. gxf5 exf5 13. Qf3 Nb6 14. O-O-O
cxd4 15. exd4 Bf4 16. Qh3 Nc4 17. Bxc4 dxc4 18. g3 Bxd2+ 19. Rxd2 f4 20. Qg2 f3
21. Nxf3 Qd5 22. Ne1 Be6 23. Qxd5 Bxd5 24. Rh5 Bf7 25. Re5 Bg6 26. f4 h5 27.
Nf3 Bd3 28. Rxh5 g6 29. Rg5 Kg7 30. Ne5 Bf5 31. g4 Bd3 32. f5 Bxf5 33. gxf5
Rxf5 34. Rxg6+ Kf8 35. Rh2 Rf1+ 36. Kc2 Re8 37. Rh8+ Ke7 38. Rg7+ Kf6 39. Rf7+
Kg5 40. Rxe8 1-0

[Event "Roskilde 100 aars Jubilaeum 2008"]
[Site "Roskilde"]
[Date "2008.10.15"]
[Round "6"]
[White "Wadtland, Flemming"]
[Black "Schmidt, Horst Hubert"]
[Result "0-1"]
[WhiteElo "1137"]
[BlackElo "1778"]
[PlyCount "116"]
[EventDate "2008.??.??"]


1. f4 d5 2. Nf3 Nf6 3. d3 c5 4. e3 Nc6 5. b3 Bg4 6. Be2 e6 7. Nbd2 Be7 8. c3
O-O 9. Bb2 Qc7 10. d4 Rac8 11. Rc1 Qa5 12. a3 Rfd8 13. O-O b5 14. Ra1 Qb6 15.
Qb1 Bf5 16. Bd3 Bxd3 17. Qxd3 c4 18. Qb1 cxb3 19. Nxb3 a5 20. Nbd2 b4 21. axb4
axb4 22. Ba3 Rb8 23. cxb4 Bxb4 24. Bxb4 Nxb4 25. Qd1 Rdc8 26. Rc1 Qa6 27. Rxc8+
Rxc8 28. Ne5 Nc2 29. Kf2 Qa3 30. Qe2 g6 31. Qd3 Rc3 32. Nb1 Rxd3 33. Nxa3 Rxa3
34. Rc1 Ne4+ 35. Kg1 Rxe3 36. Nf3 Re2 37. g3 Ne3 38. Ne1 Ng4 39. Ng2 Rd2 40. h3
Ngf6 41. Rc8+ Kg7 42. g4 Rxd4 43. Nh4 Rd3 44. Kg2 Rg3+ 45. Kh2 Rc3 46. Rxc3
Nxc3 47. Kg3 Nfe4+ 48. Kf3 f5 49. Ke3 h6 50. Kd4 Kf6 51. Nf3 fxg4 52. hxg4 Ne2+
53. Ke3 N4c3 54. Kd3 h5 55. g5+ Kf5 56. Ke3 d4+ 57. Nxd4+ Nxd4 58. Kxd4 Nd5 0-1

[Event "Roskilde 100 aars Jubilaeum 2008"]
[Site "Roskilde"]
[Date "2008.10.15"]
[Round "6"]
[White "Hein, Jacob"]
[Black "Sorensen, Dick"]
[Result "0-1"]
[WhiteElo "1456"]
[BlackElo "1851"]
[PlyCount "94"]
[EventDate "2008.??.??"]


1. e4 c5 2. Nf3 e6 3. b3 d6 4. Bb2 Nf6 5. Nc3 a6 6. Be2 Be7 7. O-O O-O 8. d4
cxd4 9. Nxd4 b5 10. Bf3 Ra7 11. Qe2 Qb6 12. Rad1 Nbd7 13. Bc1 Rc7 14. Rd3 Ne5
15. Be3 Nxd3 16. Ndxb5 Nc5 17. Nxc7 Qxc7 18. Rc1 Bb7 19. Bf4 e5 20. Bg5 Qa5 21.
Bd2 Qc7 22. Bg5 Ne6 23. Bxf6 Bxf6 24. Nd5 Bxd5 25. exd5 Nd4 26. Qxa6 Bg5 27.
Rd1 Qxc2 28. Bg4 f5 29. Rxd4 exd4 30. Be2 Qb1+ 31. Bf1 d3 32. Qxd3 Qxd3 33.
Bxd3 Rc8 34. Bc4 Kf7 35. Kf1 Re8 36. g3 Bd2 37. Kg2 g5 38. h3 h5 39. Bb5 Re5
40. Bc4 Kf6 41. f4 gxf4 42. gxf4 Bxf4 43. a4 Bd2 44. Kf2 Kg5 45. Kf3 f4 46. Kf2
Kh4 47. Kg2 Re3 0-1

[Event "Roskilde 100 aars Jubilaeum 2008"]
[Site "Roskilde"]
[Date "2008.10.15"]
[Round "6"]
[White "Larsen, Arne Walther"]
[Black "Marshall, Michael"]
[Result "1/2-1/2"]
[WhiteElo "1703"]
[BlackElo "1765"]
[PlyCount "47"]
[EventDate "2008.??.??"]


1. Nf3 Nf6 2. g3 g6 3. c4 Bg7 4. Bg2 O-O 5. Nc3 c5 6. d4 cxd4 7. Nxd4 Nc6 8.
Nc2 d6 9. O-O Qa5 10. e4 Bg4 11. f3 Be6 12. Nd5 Qd8 13. Rb1 Ne5 14. b3 Re8 15.
Kh1 Bd7 16. Be3 Qb8 17. Qd2 e6 18. Nxf6+ Bxf6 19. Bd4 Bg7 20. Qc3 f6 21. f4 Ng4
22. h3 e5 23. Bg1 Nh6 24. Qd3 1/2-1/2

[Event "Roskilde 100 aars Jubilaeum 2008"]
[Site "Roskilde"]
[Date "2008.10.15"]
[Round "6"]
[White "Zmylon, Frederik Nielsen"]
[Black "Jorgensen, Orla Eilegaard"]
[Result "1-0"]
[WhiteElo "1367"]
[BlackElo "1327"]
[PlyCount "56"]
[EventDate "2008.??.??"]


1. e4 c5 2. Nf3 d6 3. d4 cxd4 4. Nxd4 Nc6 5. Nc3 Nf6 6. Bg5 e6 7. f4 Be7 8.
Nxc6 bxc6 9. e5 Nd5 10. Nxd5 Bxg5 11. fxg5 cxd5 12. Bb5+ Bd7 13. Bxd7+ Qxd7 14.
exd6 Qxd6 15. Qd4 e5 16. Qa4+ Ke7 17. O-O-O Rhc8 18. Qb5 Ke6 19. Rhe1 Rab8 20.
Qe2 Rb4 21. a3 Rbc4 22. Rd2 f6 23. gxf6 gxf6 24. Qd3 Qc6 25. Ree2 Qb7 26. Qh3+
Kd6 27. Rf2 Qg7 28. Qf3 Ke7 1-0

[Event "Roskilde 100 aars Jubilaeum 2008"]
[Site "Roskilde"]
[Date "2008.10.15"]
[Round "6"]
[White "Meldal, Peter"]
[Black "Seirup, Simon"]
[Result "1-0"]
[WhiteElo "1236"]
[BlackElo "1226"]
[PlyCount "93"]
[EventDate "2008.??.??"]


1. e4 e6 2. d4 d5 3. e5 c5 4. c3 Nc6 5. Nf3 Qb6 6. b3 cxd4 7. cxd4 Bd7 8. Be2
Rc8 9. O-O Nb4 10. a3 Nc6 11. b4 a6 12. Nc3 Nxb4 13. Na4 Bxa4 14. Qxa4+ Nc6 15.
Be3 Qa5 16. Qb3 Rb8 17. Bd2 Qc7 18. Rac1 Nge7 19. Bd3 Ng6 20. Qa4 Be7 21. Bb4
Bxb4 22. axb4 O-O 23. Rc3 Nf4 24. b5 axb5 25. Bxb5 Qb6 26. Bxc6 Ne2+ 27. Kh1
Nxc3 28. Qc2 Qxc6 29. Rc1 Rfc8 30. Qd3 b5 31. Ng5 g6 32. h4 b4 33. Qf3 Qc7 34.
Qf6 h5 35. g4 hxg4 36. h5 gxh5 37. Qh6 f5 38. Nxe6 Qh7 39. Qg5+ Kf7 40. Qf6+
Ke8 41. Ng7+ Qxg7 42. Qxg7 Kd8 43. Qf6+ Kc7 44. Qd6+ Kb7 45. Qxb4+ Ka6 46. Ra1+
Na4 47. Rxa4# 1-0

[Event "Roskilde 100 aars Jubilaeum 2008"]
[Site "Roskilde"]
[Date "2008.10.15"]
[Round "6"]
[White "Jensen, Soren2"]
[Black "Christensen, Christoffer Ellegaa"]
[Result "1/2-1/2"]
[WhiteElo "1603"]
[BlackElo "1759"]
[PlyCount "68"]
[EventDate "2008.??.??"]


1. c4 e6 2. g3 d5 3. cxd5 exd5 4. d4 Nf6 5. Bg2 c6 6. Nf3 Bf5 7. O-O Be7 8. Nc3
Nbd7 9. Nh4 Be6 10. Qc2 O-O 11. Nf5 Nb6 12. Nxe7+ Qxe7 13. Na4 Nxa4 14. Qxa4
Bf5 15. e3 Ne4 16. f3 Nf6 17. Bd2 Rfe8 18. b4 Qd6 19. b5 Bd3 20. Rfe1 Bxb5 21.
Qb4 Qd7 22. a4 Bd3 23. Bf1 Bxf1 24. Rxf1 Rab8 25. a5 Qc7 26. Qc5 Nd7 27. Qc3
Rec8 28. e4 dxe4 29. Bf4 Qd8 30. Bxb8 Nxb8 31. fxe4 Qe7 32. e5 Nd7 33. Qb3 Rc7
34. Rae1 Nf8 1/2-1/2

[Event "Roskilde 100 aars Jubilaeum 2008"]
[Site "Roskilde"]
[Date "2008.10.15"]
[Round "6"]
[White "Nielsen, Kurt Sogaard"]
[Black "Jensen, Jan Kargaard"]
[Result "1/2-1/2"]
[WhiteElo "1612"]
[BlackElo "1624"]
[PlyCount "90"]
[EventDate "2008.??.??"]


1. d4 Nf6 2. Nf3 e6 3. c4 b6 4. Nc3 Bb7 5. e3 Bb4 6. Bd2 O-O 7. Be2 Bxc3 8.
Bxc3 Ne4 9. Bb4 d6 10. O-O Nd7 11. Bd3 c5 12. Ba3 Rc8 13. Bxe4 Bxe4 14. Nd2 Bb7
15. b3 Qh4 16. Nf3 Qg4 17. h3 Qg6 18. Kh2 Rfd8 19. Qe2 cxd4 20. exd4 d5 21. g3
dxc4 22. bxc4 Qe4 23. Qxe4 Bxe4 24. Nd2 Bd3 25. Rfc1 Nf6 26. Bb2 Ne4 27. Nxe4
Bxe4 28. c5 bxc5 29. dxc5 Rd2 30. Be5 Rxf2+ 31. Kg1 Rc2 32. Bd6 Rxc1+ 33. Rxc1
Rc6 34. Rc4 Bd5 35. Rb4 h6 36. a3 Kh7 37. Kf2 a6 38. Ke3 Kg6 39. Kf4 h5 40. g4
hxg4 41. hxg4 Rc8 42. Rb6 Rc6 43. Rb4 Rc8 44. a4 Bc6 45. a5 Bb5 1/2-1/2

[Event "Roskilde 100 aars Jubilaeum 2008"]
[Site "Roskilde"]
[Date "2008.10.15"]
[Round "6"]
[White "Madsen, Poul Henrik"]
[Black "Christensen, Svend Ellegaard"]
[Result "0-1"]
[WhiteElo "2039"]
[BlackElo "2172"]
[PlyCount "70"]
[EventDate "2008.??.??"]


1. e4 c5 2. Nf3 d6 3. d3 Nc6 4. g3 g6 5. Bg2 Bg7 6. O-O e6 7. a4 Nge7 8. c3 O-O
9. Re1 Qc7 10. Na3 a6 11. Be3 Rb8 12. Rc1 b5 13. d4 Rd8 14. b4 bxa4 15. bxc5
dxc5 16. Qxa4 cxd4 17. cxd4 Qd7 18. Qc2 Bb7 19. Red1 Nb4 20. Qb1 Ba8 21. Ne5
Qa4 22. Qa1 Nec6 23. Nec4 Na5 24. Nxa5 Qxa5 25. Qc3 Qa4 26. Ra1 Nc6 27. Nc4 Qb4
28. Qxb4 Rxb4 29. Ne5 Nxd4 30. Nf3 e5 31. Kf1 Bc6 32. Nd2 Bb5+ 33. Kg1 Nc2 34.
Rac1 Nxe3 35. fxe3 Be2 0-1

[Event "Roskilde 100 aars Jubilaeum 2008"]
[Site "Roskilde"]
[Date "2008.10.15"]
[Round "6"]
[White "Brekka, Hanus"]
[Black "Zachariassen, John"]
[Result "1-0"]
[WhiteElo "2019"]
[BlackElo "1895"]
[PlyCount "85"]
[EventDate "2008.??.??"]


1. e4 g6 2. d4 Bg7 3. Nf3 c6 4. Nc3 Nf6 5. Bd3 d6 6. O-O Nbd7 7. Ne2 O-O 8. Ng3
e5 9. c3 a5 10. h3 Re8 11. dxe5 dxe5 12. Be3 Qe7 13. Bc2 Nc5 14. b4 axb4 15.
cxb4 Ne6 16. a3 Rd8 17. Qc1 Nd4 18. Bd1 Ne8 19. Bh6 Bh8 20. Bg5 f6 21. Bd2 Be6
22. Bc3 Nxf3+ 23. Bxf3 Nd6 24. Be2 Bg7 25. Rd1 b5 26. Bd2 Nc4 27. Be3 Qf7 28.
Bc5 Bf8 29. Bxc4 Bxc4 30. Qe3 Bxc5 31. Qxc5 Qe6 32. Nf1 f5 33. Nd2 Be2 34. Re1
Rxd2 35. Qe3 Ra2 36. exf5 gxf5 37. Rxa2 Qxa2 38. Rxe2 Qe6 39. Qg3+ Qg6 40. Qxe5
Rd8 41. Re3 Rd1+ 42. Kh2 Qd6 43. Rg3+ 1-0

[Event "Roskilde 100 aars Jubilaeum 2008"]
[Site "Roskilde"]
[Date "2008.10.15"]
[Round "6"]
[White "Eriksson, Christian Altenburg"]
[Black "Petrovski, Petruli"]
[Result "1-0"]
[WhiteElo "1997"]
[BlackElo "1645"]
[PlyCount "89"]
[EventDate "2008.??.??"]


1. e4 c5 2. c3 d6 3. d4 Nf6 4. Bd3 Nc6 5. Nf3 e6 6. O-O Be7 7. Qe2 O-O 8. Rd1
d5 9. e5 Nd7 10. Nbd2 a6 11. Nf1 Qc7 12. Bf4 b5 13. Rac1 Qb6 14. Ng3 g6 15. Be3
c4 16. Bb1 Qd8 17. Bh6 Re8 18. Qe3 f5 19. exf6 Nxf6 20. Qf4 Bf8 21. Bg5 Bg7 22.
Ne5 Nb8 23. Qh4 Nbd7 24. Re1 Qb6 25. Re3 Ra7 26. Rce1 Nxe5 27. dxe5 Nd7 28. Bh6
Nf8 29. Ne2 Rf7 30. Nd4 b4 31. Bxg7 Kxg7 32. Qg4 bxc3 33. bxc3 Qb2 34. Qg3 Nd7
35. h4 Nf8 36. h5 Bd7 37. Nf3 Kh8 38. hxg6 Nxg6 39. Bxg6 hxg6 40. Qxg6 Ref8 41.
R1e2 Qa1+ 42. Ne1 Rh7 43. Rg3 d4 44. Re4 d3 45. Qxh7+ 1-0

[Event "Roskilde 100 aars Jubilaeum 2008"]
[Site "Roskilde"]
[Date "2008.10.15"]
[Round "6"]
[White "Jorgensen, Brian Jorgen"]
[Black "Hoi, Carsten"]
[Result "0-1"]
[WhiteElo "2210"]
[BlackElo "2382"]
[PlyCount "96"]
[EventDate "2008.??.??"]


1. e4 g6 2. d4 Bg7 3. Nc3 d6 4. f4 Nc6 5. Be3 Nf6 6. Nf3 O-O 7. d5 Nb8 8. Bc4
c6 9. a4 Nbd7 10. Qd2 cxd5 11. exd5 Nc5 12. O-O Bd7 13. Bd4 Rc8 14. Qe2 Bg4 15.
h3 Bxf3 16. Rxf3 Qb6 17. a5 Qd8 18. a6 Nfd7 19. Bxg7 Kxg7 20. axb7 Nxb7 21. Ba6
Rb8 22. Bxb7 Rxb7 23. b3 Nf6 24. Qd3 Qb6+ 25. Kh2 Qc5 26. Rd1 Rc8 27. Rd2 Qb4
28. Na4 Qa5 29. c4 Rxb3 30. Qxb3 Qxd2 31. Nb2 h5 32. Qb7 Rh8 33. Nd3 Ng4+ 34.
Kg1 Qd1+ 35. Rf1 Qxd3 36. hxg4 Qe3+ 37. Rf2 hxg4 38. Qb2+ f6 39. Qe2 Qxe2 40.
Rxe2 Kf7 41. Ra2 Rc8 42. Ra4 f5 43. Kf2 Kf6 44. Ke3 Rc7 45. Kd4 g5 46. Ke3 Rb7
47. Ra3 gxf4+ 48. Kxf4 Rb4 0-1

[Event "Roskilde 100 aars Jubilaeum 2008"]
[Site "Roskilde"]
[Date "2008.10.15"]
[Round "6"]
[White "Lauridsen, Jesper Morch"]
[Black "Schandorff, Lars"]
[Result "0-1"]
[WhiteElo "2279"]
[BlackElo "2520"]
[PlyCount "94"]
[EventDate "2008.??.??"]


1. e4 e5 2. Nf3 Nc6 3. Bb5 a6 4. Bxc6 dxc6 5. O-O Qf6 6. d4 exd4 7. Bg5 Qd6 8.
Qxd4 Qxd4 9. Nxd4 Bd7 10. Nc3 f6 11. Bh4 O-O-O 12. Rad1 Ne7 13. Rd3 Ng6 14. Bg3
h5 15. Rfd1 h4 16. Ne6 Be7 17. Nxd8 Rxd8 18. Ne2 hxg3 19. Rxg3 Be8 20. Rxd8+
Kxd8 21. Nd4 Bf8 22. Ne6+ Ke7 23. Nxf8 Kxf8 24. Rc3 Bf7 25. b3 Nf4 26. Kf1 Bg6
27. f3 Ke7 28. Re3 c5 29. g3 Ne6 30. f4 Nd4 31. c3 Nc6 32. g4 a5 33. h4 c4 34.
bxc4 Bf7 35. Ke1 Bxc4 36. a3 a4 37. h5 Bf7 38. Rh3 Kf8 39. Rd3 Ke7 40. Rh3 Be6
41. Rh4 Kf8 42. g5 fxg5 43. fxg5 Ne5 44. Kd1 Kf7 45. Kc2 Nf3 46. Rh1 Bb3+ 47.
Kb2 Nd2 0-1

[Event "Roskilde 100 aars Jubilaeum 2008"]
[Site "Roskilde"]
[Date "2008.10.15"]
[Round "6"]
[White "Rasmussen, Henning"]
[Black "Lavrsen, Frands Winther"]
[Result "1/2-1/2"]
[WhiteElo "1918"]
[BlackElo "1762"]
[PlyCount "115"]
[EventDate "2008.??.??"]


1. Nf3 Nf6 2. c4 g6 3. d4 Bg7 4. Nc3 d5 5. cxd5 Nxd5 6. e3 O-O 7. Be2 Bf5 8.
Qb3 Nb6 9. e4 Bg4 10. d5 N8d7 11. Be3 e6 12. O-O Qe7 13. h3 Bxf3 14. Bxf3 exd5
15. exd5 Nf6 16. Rac1 Rfd8 17. Bg5 Qe5 18. Bh4 Bh6 19. Rce1 Qf5 20. Bg4 Nxg4
21. hxg4 Qxg4 22. Bxd8 Rxd8 23. Re4 Qf5 24. Rfe1 Rd6 25. Re5 Qf4 26. R1e4 Qc1+
27. Re1 Qd2 28. R1e2 Qc1+ 29. Re1 Qd2 30. R5e2 Qf4 31. Re8+ Kg7 32. Ne2 Qh4 33.
Qc3+ Rf6 34. Qg3 Qb4 35. Qc3 Qh4 36. Qg3 Qb4 37. Qc3 Qh4 38. g3 Qa4 39. Rg8+
Kxg8 40. Qxf6 Qe4 41. Qd4 Qxd5 42. Qxd5 Nxd5 43. Rd1 c6 44. Nc3 Bg7 45. Nxd5
cxd5 46. Rxd5 Bxb2 47. Rb5 Bd4 48. Rxb7 Kg7 49. Kf1 h5 50. Ke2 Kf6 51. f4 Ke6
52. Kf3 Bc5 53. Ke4 Bf2 54. Rb3 Bc5 55. Kf3 Bd4 56. Ke4 Bf2 57. Rb7 Bc5 58. Rb3
1/2-1/2